000 00270nam a2200097Ia 4500
082 _aR 362.6097303 KAND
245 0 _aThe A-to-Z guide to elder care
100 _a KANDEL, Joseph New York, 2009
_973402
942 _cBK
008 210817s9999 xx 000 0 und d
999 _c240332
_d240331